000 00615nam a2200181Ia 4500
008 151202s9999||||xx |||||||||||||| ||und||
082 _bPNVM-62424
100 _aगोडबोले मंगला.
245 _aकुंपण आणि आकाश.
260 _bनवचैतन्य प्रकाशन मुंबई.
260 _c62424
300 _a152
600 _aगोडबोले मंगला.
630 _aकुंपण आणि आकाश.
700 _aगोडबोले मंगला.
730 _aकुंपण आणि आकाश.
942 _cBOOK
999 _c1328958
_d1328955